000 00452pab a2200157 454500
008 180718b2010 xxu||||| |||| 00| 0 eng d
100 _aCruickshank, Justin
245 _aKnowing social reality: A critique of Bhaskar and Archer's attempt to derive a social ontology from lay knowledge
260 _c2010
300 _ap.579-602.
362 _aDec
650 _aOntology
773 _aPhilosophy of Social Sciences
908 _aN
909 _a89904
999 _c89904
_d89904